Normal view
MARC view
- شاعرات عربيات - سوريا - الأردن - نقد وتفسير
Entry Topical Term
001 - CONTROL NUMBER
- control field: 11335
003 - CONTROL NUMBER IDENTIFIER
- control field: JO-AjAnu
005 - DATE AND TIME OF LATEST TRANSACTION
- control field: 20230606072123.0
008 - FIXED-LENGTH DATA ELEMENTS
- fixed length control field: 230606|| aca||aabn | a|a d
040 ## - CATALOGING SOURCE
- Original cataloging agency: JO-AjAnu
- Transcribing agency: JO-AjAnu
150 ## - HEADING--TOPICAL TERM
- Topical term or geographic name entry element: شاعرات عربيات - سوريا - الأردن - نقد وتفسير
670 ## - SOURCE DATA FOUND
- Source citation: Work cat.: (JO-AjAnu)5837: تأليف الصويركي،محمد علي , author 11334, عائشة الباعونية "فاضلة الزمان" (865-922هـ - 1460-1516م)